Louis XIV ("Telephone" by Lady Gaga) - historyteachers - Paroles - Statistiques

Statistiques générales
  • Ce quiz a été pris 10 fois
  • Le résultat moyen est 84 sur 493
Statistiques - réponses
Hint Réponse % Correct
i
78%
the
78%
he
67%
a
56%
my
44%
can
33%
me
33%
no
33%
am
22%
an
22%
don't
22%
hear
22%
i'm
22%
in
22%
is
22%
King
22%
l'e
22%
Louis
22%
of
22%
stop
22%
to
22%
when
22%
XIV
22%
you
22%
14
11%
14th
11%
17
11%
absolutism
11%
- Age
11%
age
11%
anymore
11%
building
11%
but
11%
century
11%
c'est
11%
control
11%
european
11%
everything
11%
follow
11%
four
11%
girls
11%
Grand
11%
hall
11%
has
11%
have
11%
Huguenots
11%
know
11%
known
11%
left
11%
l'etat
11%
libertine
11%
life
11%
living
11%
Louise
11%
mistress
11%
moi
11%
monarchs
11%
more
11%
name
11%
Nantes
11%
Protestants
11%
Quatorze
11%
revoked
11%
routine
11%
Sun
11%
Versailles
11%
wanna
11%
we
11%
wearing
11%
wig
11%
won
11%
1715
0%
30
0%
academies
0%
all
0%
and
0%
annexed
0%
Apollo
0%
appallin
0%
aristocracy
0%
arts
0%
at
0%
athlete
0%
authority
0%
away
0%
ball
0%
ballet
0%
ballin'
0%
ballin
0%
bankrupt
0%
better
0%
bloke
0%
bolstering
0%
boosted
0%
Bourbon
0%
bourgeoisie
0%
bring
0%
bulked
0%
came
0%
Capetian
0%
cards
0%
cause
0%
check
0%
cloak
0%
come
0%
complete
0%
couchée
0%
court
0%
crawlin
0%
dancing
0%
Dauphin
0%
de
0%
demanded
0%
died
0%
divine
0%
dontcha
0%
drawing
0%
dynasty
0%
Edict
0%
end
0%
ended
0%
english
0%
ermine-trimmed
0%
europe's
0%
even
0%
exquisite
0%
fallen
0%
fallin
0%
finance
0%
flauntin
0%
fleur
0%
forbid
0%
Fouquet's
0%
France
0%
from
0%
fun
0%
gambling
0%
glamour
0%
glamourous
0%
glory
0%
god
0%
got
0%
gotta
0%
greek
0%
guy
0%
had
0%
hand
0%
heels
0%
his
0%
House
0%
how
0%
identified
0%
important
0%
improve
0%
intodruced
0%
it's
0%
kid
0%
kids
0%
lace
0%
later
0%
led
0%
levée
0%
liked
0%
longest
0%
lys
0%
Madagascar
0%
married
0%
Mazarin
0%
military
0%
minister
0%
mirrors
0%
money
0%
movin
0%
named
0%
new
0%
nobles
0%
only
0%
out
0%
paper
0%
Paris
0%
peace
0%
playin
0%
power
0%
quite
0%
real
0%
regent
0%
reigning
0%
right
0%
school
0%
secretly
0%
see
0%
sing
0%
son
0%
sovereignty
0%
spanish
0%
stability
0%
stallin
0%
star
0%
start
0%
started
0%
succession
0%
talk
0%
than
0%
that's
0%
those
0%
took
0%
to Versailles
0%
treasury
0%
treated
0%
turmoil
0%
twelve
0%
ultimate
0%
unchallenged
0%
unparalleled
0%
up
0%
vanity
0%
war
0%
was
0%
wealth
0%
Westphalia
0%
wife
0%
with
0%
wool
0%
year
0%
years
0%
young
0%
Aucun quiz correspondant
Distribution des résultats
% des personnes avec chaque résultat
Percentile par nombre de réponses
Votre historique - résultats
Vous n’avez pas pris ce quiz